000
00334nam a2200133Ia 4500
008
240624s9999 xx 000 0 und d
041
_a
eng
082
_a
338.5024658 DAT
100
_a
DATTA DEBABRATA
245
_a
MANAGERIAL ECONOMICS
260
_c
2017
_a
New Delhi
_b
Prentice Hall of India
300
_a
604 , p.
365
_c
RS
_b
33
999
_c
28924
_d
28924